00953 2200313 4500001002100000005001500021035002000036007000300056008004100059020002200100082001600122084001800138100003500156245006600191250003000257300004800287650002000335504003300355651002700388264005000415336002100465337003000486338002300516040002200539090002200561850001200583999002200595990002200617INLIS00000000086397120210823114634 a0010-0821000670ta210823s2020 yoia g | ind d a978-602-386-839-104223a599.938 a599.938 SIM m3 aSimanjuntak, TrumanePengarang10aManusia-manusia dan peradaban Indonesia /cTruman Simanjuntak aCetakan pertama; Mei 2020 axxii, 387 halaman :bfoto berwarna ;c27 cm 4aEvolusi manusia aBibliografi: halaman 368-386 4aIndonesia--xPeradaban31aSleman :bGadjah Mada University Press,c2020 2rdacontentateks 2rdamediaatanpa perantara 2rdacarrieravolume aYOPDYOGbinderda aCB-D.11 2020-3347 aYOPDYOG aCB-D.11/2020-3347 aCB-D.11/2020-3347